[Event "Oslo Chess Festival 2017"]
[Site "Oslo"]
[Date "2017.10.02"]
[Round "4"]
[White "Risting, Eivind Olav"]
[Black "Lindbol, Aleksander"]
[Result "1-0"]
[WhiteElo "2335"]
[BlackElo "2006"]
[Annotator "ChessBase"]
[PlyCount "25"]
[EventType "swiss"]
[EventCountry "NOR"]
[SourceTitle "playchess.com"]
[Source "ChessBase"]
[SourceQuality "1"]
[TimeControl "5400+30"]

1. e4 {[%emt 0:00:00]} d5 {[%emt 0:07:24]} 2. exd5 {[%emt 0:00:00]} Qxd5 {[%emt 0:00:30]} 3. Nf3 {[%emt 0:00:00]} Bg4 {[%emt 0:00:30]} 4. Be2 {[%emt 0:00:00]} c6 {[%emt 0:00:30]} 5. d4 {[%emt 0:00:09]} Nf6 {[%emt 0:00:30]} 6. O-O {[%emt 0:00:30]} e6 {[%emt 0:00:30]} 7. h3 {[%emt 0:00:30]} Bxf3 {[%emt 0:00:30]} 8. Bxf3 {[%emt 0:00:30]} Qa5 {[%emt 0:00:30]} 9. c4 {[%emt 0:00:30]} Nbd7 {[%emt 0:00:30]} 10. Nc3 {[%emt 0:00:30]} Qc7 {[%emt 0:00:30]} 11. d5 {[%emt 0:00:30]} cxd5 {[%emt 0:00:30]} 12. cxd5 {[%emt 0:00:30]} O-O-O {[%emt 0:00:30]} 13. Be3 {[%emt 0:00:30]} 1-0

[Event "Oslo Chess Festival 2017"]
[Site "Oslo"]
[Date "2017.10.02"]
[Round "4"]
[White "Al-Tarbosh, Ward"]
[Black "Mikelsen, Mattis"]
[Result "1-0"]
[WhiteElo "2270"]
[BlackElo "1754"]
[Annotator "TA"]
[PlyCount "107"]
[EventType "swiss"]
[EventCountry "NOR"]
[SourceTitle "playchess.com"]
[Source "ChessBase"]
[SourceQuality "1"]

{[%evp 12,107,14,6,20,9,16,14,18,20,22,0,6,0,19,23,10,27,46,46,49,19,20,6,0,-21,0,0,0,0,0,0,0,0,0,-17,16,14,12,11,18,10,16,12,20,15,24,16,21,25,24,9,45,48,43,38,37,23,79,81,81,81,81,81,81,91,202,204,268,268,311,316,375,362,309,289,285,302,339,337,318,302,302,302,284,267,297,291,285,274,512,512,511,182,5847,9860,12847,12847]} 1. e4 c6 2. Nf3 d5 3. Nc3 Bg4 4. h3 Bxf3 5. Qxf3 e6 6. d3 Nd7 7. Bd2 Qb6 {B11: Caro-Kann: Two Knights Variation} (7... g6 8. h4 h5 9. g3 Bh6 10. Bxh6 Nxh6 11. Bh3 d4 12. Ne2 Ne5 13. Qf4 Qa5+ 14. Kf1 O-O-O 15. Kg2 {0-1 (60) Kuzubov,Y (2643)-Jobava,B (2701) Moscow 2017}) 8. O-O-O Bd6 9. Qg4 Qxf2 {The position is equal.} 10. Qxg7 Be5 11. Qg4 (11. Qg5 {looks sharper.} h6 12. Qh5 Ngf6 13. Qf3 Qxf3 14. gxf3 O-O-O 15. exd5 Nxd5 16. Nxd5 exd5 17. h4) 11... Ngf6 $132 {[%cal Bg8f6,Bf6h5,Bh5g3][%mdl 2080] Black is fighting back} 12. Qf3 Qxf3 (12... Qb6 {seems wilder.} 13. Na4 Qd4 14. Nc3 Qb6) 13. gxf3 Nh5 14. Ne2 Ng3 15. Nxg3 Bxg3 16. Rg1 $146 Rg8 17. Be2 Nf6 18. Rg2 {[#] aiming for Rdg1.} Kd7 19. Rdg1 Bf2 20. Rxg8 Rxg8 21. Rxg8 Nxg8 $11 {[%mdl 4096] Endgame KBB-KBN} 22. f4 Ne7 23. c4 c5 24. cxd5 exd5 25. Bg4+ Kc6 26. Kd1 Bd4 27. b3 b6 28. Ke2 Ng6 29. Bf5 Kd6 30. Bc8 Ne7 31. Bg4 Ng6 32. Kf3 b5 33. e5+ Ke7 34. Kg3 c4 (34... b4 $11) 35. Bb4+ Ke8 36. dxc4 bxc4 37. bxc4 dxc4 38. Kf3 Bb2 (38... c3 $16) 39. Ke4 $18 c3 {[#] Threatens to win with ...c2.} 40. Bd1 Kd7 41. Ba4+ Kc7 42. Bd6+ Kd8 43. Bc5 a6 44. Bd4 Bc1 45. f5 ({Not} 45. Bxc3 Nxf4 46. h4 Ne6 $18) 45... Nf4 46. Bxc3 Nxh3 47. Ba5+ Ke7 48. Bb4+ Kd8 49. Kd5 Nf4+ 50. Kc6 h5 $2 (50... Be3 {was necessary.} 51. Bb3 Nd3) 51. Kb7 {Threatening mate with f6.} Nd5 52. Bd6 $2 (52. Be1) 52... Bf4 $2 (52... Nc3 53. Bc6 Nb5) 53. Bc6 Ne3 54. f6 {Precision: White = 68%, Black = 44%.} 1-0

[Event "Oslo Chess Festival 2017"]
[Site "Oslo"]
[Date "2017.10.02"]
[Round "4"]
[White "Hobber, Anders"]
[Black "Grindbakken, Erik"]
[Result "1-0"]
[WhiteElo "2264"]
[BlackElo "1675"]
[Annotator "ChessBase"]
[PlyCount "45"]
[EventType "swiss"]
[EventCountry "NOR"]
[SourceTitle "playchess.com"]
[Source "ChessBase"]
[SourceQuality "1"]
[TimeControl "5400+30"]

1. d4 {[%emt 0:00:00]} c5 {[%emt 0:00:09]} 2. c3 {[%emt 0:00:49]} Nf6 {[%emt 0:02:21]} 3. Nf3 {[%emt 0:00:30]} e6 {[%emt 0:01:12]} 4. Bg5 {[%emt 0:00:13]} cxd4 {[%emt 0:00:32]} 5. cxd4 {[%emt 0:00:17]} d5 {[%emt 0:00:58]} 6. Nc3 {[%emt 0:02:25]} Be7 {[%emt 0:02:59]} 7. e3 {[%emt 0:01:08]} Nc6 {[%emt 0:04:56]} 8. Bd3 {[%emt 0:01:39]} h6 {[%emt 0:01:19]} 9. Bh4 {[%emt 0:00:39]} Bd7 {[%emt 0:03:06]} 10. O-O {[%emt 0:00:29]} O-O {[%emt 0:02:05]} 11. Rc1 {[%emt 0:00:20]} Rc8 {[%emt 0:00:28]} 12. a3 {[%emt 0:00:56]} Na5 {[%emt 0:01:33]} 13. Ne5 {[%emt 0:00:14]} a6 {[%emt 0:02:27]} 14. Bb1 {[%emt 0:05:19]} Ne8 {[%emt 0:05:41]} 15. Nxd7 {[%emt 0:00:28]} Qxd7 {[%emt 0:00:20]} 16. Bxe7 {[%emt 0:00:08]} Qxe7 {[%emt 0:00:50]} 17. Nxd5 {[%emt 0:00:07]} exd5 {[%emt 0:00:55]} 18. Rxc8 {[%emt 0:00:07]} Nc6 {[%emt 0:00:31]} 19. Qf3 {[%emt 0:01:04]} Nf6 {[%emt 0:01:30]} 20. Rxf8+ {[%emt 0:00:14]} Qxf8 {[%emt 0:00:20]} 21. Rc1 {[%emt 0:00:48]} Qd6 {[%emt 0:00:18]} 22. Qf5 {[%emt 0:01:38]} Ne7 {[%emt 0:00:28]} 23. Qe5 {[%emt 0:00:23]} 1-0

[Event "Oslo Chess Festival 2017"]
[Site "Oslo"]
[Date "2017.10.02"]
[Round "4"]
[White "Ronneland, Daniel"]
[Black "Johansen, Kai -Roger"]
[Result "0-1"]
[WhiteElo "2218"]
[BlackElo "1950"]
[Annotator "ChessBase"]
[PlyCount "105"]
[EventType "swiss"]
[EventCountry "NOR"]
[SourceTitle "playchess.com"]
[Source "ChessBase"]
[SourceQuality "1"]
[TimeControl "5400+30"]

1. d4 {[%emt 0:00:21]} d5 {[%emt 0:01:16]} 2. c4 {[%emt 0:01:33]} c6 {[%emt 0:01:16]} 3. Nf3 {[%emt 0:01:22]} Nf6 {[%emt 0:01:27]} 4. e3 {[%emt 0:03:40]} Bf5 {[%emt 0:00:45]} 5. Nc3 {[%emt 0:01:43]} e6 {[%emt 0:00:28]} 6. Bd3 {[%emt 0:04:01]} Bxd3 {[%emt 0:02:48]} 7. Qxd3 {[%emt 0:00:06]} Nbd7 {[%emt 0:00:51]} 8. O-O {[%emt 0:00:29]} Be7 {[%emt 0:01:07]} 9. b3 {[%emt 0:01:21]} O-O {[%emt 0:00:29]} 10. Bb2 {[%emt 0:00:13]} Re8 {[%emt 0:06:09]} 11. Rad1 {[%emt 0:01:13]} Qc7 {[%emt 0:03:20]} 12. Rd2 {[%emt 0:04:14]} Rad8 {[%emt 0:00:49]} 13. a3 {[%emt 0:04:39]} Bd6 {[%emt 0:02:16]} 14. c5 {[%emt 0:11:24]} Bf8 {[%emt 0:00:11]} 15. b4 {[%emt 0:01:14]} a6 {[%emt 0:02:09]} 16. Ne2 {[%emt 0:05:32]} Ne4 {[%emt 0:02:09]} 17. Rdd1 {[%emt 0:00:39]} f6 {[%emt 0:00:17]} 18. Ne1 {[%emt 0:07:42]} e5 {[%emt 0:10:47]} 19. f3 {[%emt 0:01:32]} Ng5 {[%emt 0:00:09]} 20. dxe5 {[%emt 0:02:36]} Nxe5 {[%emt 0:01:11]} 21. Bxe5 {[%emt 0:00:43]} fxe5 {[%emt 0:00:52]} 22. Qb3 {[%emt 0:04:10]} Kh8 {[%emt 0:08:18]} 23. Ng3 {[%emt 0:00:49]} e4 {[%emt 0:03:11]} 24. f4 {[%emt 0:02:13]} Nf7 {[%emt 0:05:30]} 25. Nc2 {[%emt 0:00:25]} Nh6 {[%emt 0:03:37]} 26. Nd4 {[%emt 0:02:12]} Rd7 {[%emt 0:04:38]} 27. f5 {[%emt 0:03:58]} Rf7 {[%emt 0:00:35]} 28. Rf4 {[%emt 0:02:37]} Be7 {[%emt 0:00:17]} 29. Rdf1 {[%emt 0:07:03]} Bf6 {[%emt 0:00:16]} 30. Qd1 {[%emt 0:03:01]} Be5 {[%emt 0:01:12]} 31. Qh5 {[%emt 0:00:50]} Ng8 {[%emt 0:11:14]} 32. Ne6 {[%emt 0:03:14]} Qe7 {[%emt 0:06:36]} 33. Ng5 {[%emt 0:01:11]} Nh6 {[%emt 0:00:12]} 34. Nxf7+ {[%emt 0:02:42]} Qxf7 {[%emt 0:00:11]} 35. Rh4 {[%emt 0:04:26]} Qxh5 {[%emt 0:02:07]} 36. Nxh5 {[%emt 0:00:41]} Ng8 {[%emt 0:00:32]} 37. Nf4 {[%emt 0:00:35]} Bxf4 {[%emt 0:01:14]} 38. Rhxf4 {[%emt 0:00:17]} Nf6 {[%emt 0:00:20]} 39. g4 {[%emt 0:02:15]} Rf8 {[%emt 0:00:09]} 40. g5 {[%emt 0:00:31]} Nd7 {[%emt 0:00:01]} 41. f6 {[%emt 0:01:30]} g6 {[%emt 0:00:09]} 42. h4 {[%emt 0:01:05]} Ne5 {[%emt 0:00:17]} 43. Kg2 {[%emt 0:03:40]} Nc4 {[%emt 0:00:20]} 44. Kf2 {[%emt 0:00:30]} Nxa3 {[%emt 0:02:24]} 45. h5 {[%emt 0:01:22]} gxh5 {[%emt 0:03:44]} 46. Rh4 {[%emt 0:00:19]} Nc2 {[%emt 0:00:14]} 47. Rb1 {[%emt 0:00:48]} Na3 {[%emt 0:00:42]} 48. Rbh1 {[%emt 0:00:31]} Kg8 {[%emt 0:01:33]} 49. Rxh5 {[%emt 0:00:24]} Kf7 {[%emt 0:00:58]} 50. Rxh7+ {[%emt 0:00:20]} Kg6 {[%emt 0:00:07]} 51. Rg7+ {[%emt 0:00:15]} Kf5 {[%emt 0:00:12]} 52. Kg3 {[%emt 0:00:48]} Nc2 {[%emt 0:00:19]} 53. Rf1+ {[%emt 0:00:17]} 0-1

[Event "Oslo Chess Festival 2017"]
[Site "Oslo"]
[Date "2017.10.02"]
[Round "4"]
[White "Nordquelle, Daniel"]
[Black "Vogt, Lothar"]
[Result "1/2-1/2"]
[WhiteElo "2203"]
[BlackElo "2401"]
[Annotator "ChessBase"]
[PlyCount "42"]
[EventType "swiss"]
[EventCountry "NOR"]
[SourceTitle "playchess.com"]
[Source "ChessBase"]
[SourceQuality "1"]
[TimeControl "5400+30"]

1. e4 {[%emt 0:00:06]} c5 {[%emt 0:00:01]} 2. Nc3 {[%emt 0:00:17]} Nc6 {[%emt 0:03:04]} 3. Bb5 {[%emt 0:00:13]} g6 {[%emt 0:00:44]} 4. Bxc6 {[%emt 0:00:18]} dxc6 {[%emt 0:00:49]} 5. d3 {[%emt 0:00:38]} Nf6 {[%emt 0:00:45]} 6. h3 {[%emt 0:00:46]} Bg7 {[%emt 0:00:44]} 7. Be3 {[%emt 0:00:19]} Nd7 {[%emt 0:00:53]} 8. Qd2 {[%emt 0:00:49]} e5 {[%emt 0:00:46]} 9. Bh6 {[%emt 0:01:26]} O-O {[%emt 0:01:26]} 10. Bxg7 {[%emt 0:00:17]} Kxg7 {[%emt 0:00:02]} 11. Nge2 {[%emt 0:00:20]} Nf6 {[%emt 0:02:32]} 12. O-O {[%emt 0:00:55]} Be6 {[%emt 0:00:24]} 13. Qe3 {[%emt 0:01:33]} Qd6 {[%emt 0:06:44]} 14. f4 {[%emt 0:01:35]} exf4 {[%emt 0:00:12]} 15. Rxf4 {[%emt 0:02:48]} Qe5 {[%emt 0:03:18]} 16. Raf1 {[%emt 0:03:08]} Nd7 {[%emt 0:05:44]} 17. Nd1 {[%emt 0:05:55]} Rae8 {[%emt 0:01:23]} 18. c3 {[%emt 0:01:18]} f5 {[%emt 0:02:50]} 19. Ng3 {[%emt 0:06:15]} fxe4 {[%emt 0:12:13]} 20. Rxf8 {[%emt 0:13:11]} Rxf8 {[%emt 0:02:39]} 21. Rxf8 {[%emt 0:00:12]} Kxf8 {[%emt 0:01:13]} 1/2-1/2

[Event "Oslo Chess Festival 2017"]
[Site "Oslo"]
[Date "2017.10.02"]
[Round "4"]
[White "Ingebretsen, Jens E"]
[Black "Notkevich, Benjamin Arvola"]
[Result "0-1"]
[WhiteElo "2062"]
[BlackElo "2458"]
[Annotator "TA"]
[PlyCount "140"]
[EventType "swiss"]
[EventCountry "NOR"]
[SourceTitle "playchess.com"]
[Source "ChessBase"]
[SourceQuality "1"]

{[%evp 25,140,-11,0,0,0,0,0,0,0,0,0,-12,-8,-30,-27,-23,-23,-24,-5,-22,0,-35,-35,-28,0,-22,-20,-18,-20,-20,-20,-27,-24,-23,-30,-50,-12,-27,-17,-38,-38,-38,-15,-38,-38,-60,-22,-23,-19,-22,-16,-14,-16,-31,0,0,0,-41,0,-13,-1,-9,-7,-70,-45,-168,-168,-208,-210,-295,-302,-313,-295,-308,-275,-348,-406,-583,-598,-585,-598,-593,-589,-581,-579,-578,0,-553,0,-556,-533,-1100,-1075,-885,0,-1051,-1043,-978,-838,-946,0,-1024,-1037,-979,-961,-927,-906,-1036,-1008,-1015,-1014,-1027,-1024,-1225,-1258,-1237,-1217]} 1. e4 e5 2. Nf3 Nc6 3. Bc4 Bc5 4. O-O Nf6 5. d3 a6 6. c3 Ba7 7. Bb3 d6 {[%cal Bd7d6,Bd6d5][%mdl 32]} 8. Nbd2 {[%cal Bb1d2,Bd2f1,Bf1g3][%mdl 32]} O-O 9. h3 Be6 10. Re1 {C54: Giuoco Piano: 4 c3 Nf6, main lines with 5 d4 and 5 d3} Bxb3 11. axb3 (11. Qxb3 Rb8 12. Nf1 Re8 13. Ng3 h6 14. a4 d5 15. a5 Bc5 16. Ra4 Bf8 17. Bd2 Qd7 {½-½ (62) Inarkiev,E (2723)-Lysyj,I (2643) Moscow 2017}) 11... Re8 12. Nf1 d5 13. Ng3 h6 {LiveBook: 7 Games} 14. b4 $146 ({Predecessor:} 14. Qe2 d4 {1-0 (41) Chong,K (1260)-Mamardashvili,A (1364) Batumi 2016}) 14... Qd7 15. Qc2 Rad8 16. Bd2 dxe4 17. dxe4 Qd3 18. Qxd3 Rxd3 19. Be3 Bxe3 20. Rxe3 Rxe3 21. fxe3 Na7 22. Ra5 Nc6 23. Ra1 g6 24. Kf1 Na7 25. Ke2 Nc8 26. Ra5 Nd7 27. Nd2 Nd6 28. Nh1 f6 29. Nf2 Kf7 30. Nd3 Ke7 31. Ra1 h5 32. Nc5 Rg8 33. Rf1 Nf8 34. b3 Ne6 35. Rd1 g5 36. g3 Ra8 37. Ra1 Nd8 38. c4 Rc8 39. Nd3 c6 40. Rh1 Ne6 41. Nc5 Nc7 42. Rd1 Ra8 43. Na4 a5 {[%cal Ba6a5,Ba5b4][%mdl 32]} 44. Nb6 (44. c5 $11 Ndb5 45. bxa5) 44... Ra6 $1 $15 {[%cal Ra6b6]} 45. c5 ({White should try} 45. bxa5 $1 $15 Rxa5 46. Na4) 45... Ndb5 $19 {White must now prevent ...Nc3+.} 46. Nb1 axb4 47. Rd7+ {[#]} (47. Na4 $142) 47... Ke8 $1 48. Rh7 Ra2+ 49. Nd2 Nc3+ 50. Ke1 Ne6 51. Nd7 (51. Rxb7 $142 Nxc5 52. Rb8+ Kf7 53. Nbc4) 51... Kd8 52. Nc4 {intending Nd6.} Ra1+ 53. Kf2 Nxe4+ 54. Kg2 Ra2+ 55. Kg1 Ra1+ 56. Kg2 Ra2+ 57. Kg1 $1 N6xc5 58. Nf8 Ra1+ 59. Kg2 Ra2+ 60. Kg1 b5 61. Nb6 Ra1+ 62. Kg2 Ra2+ 63. Kg1 Ra6 {Black is clearly winning.} 64. Nbd7 Ra1+ 65. Kg2 Ra2+ 66. Kg1 Nxd7 67. Nxd7 Ra7 68. Rh8+ Kc7 69. Rh7 Kd6 70. Nxf6 Ra1+ {Precision: White = 44%, Black = 62%.} ({Weaker is} 70... Nxf6 71. Rxa7 Ne4 72. Rg7 $17) 0-1

[Event "Oslo Chess Festival 2017"]
[Site "Oslo"]
[Date "2017.10.02"]
[Round "4"]
[White "Taksrud, Vidar"]
[Black "Dolzhykova, Kateryna"]
[Result "1-0"]
[WhiteElo "1983"]
[BlackElo "2270"]
[Annotator "ChessBase"]
[PlyCount "111"]
[EventType "swiss"]
[EventCountry "NOR"]
[SourceTitle "playchess.com"]
[Source "ChessBase"]
[SourceQuality "1"]
[TimeControl "5400+30"]

1. d4 {[%emt 0:00:04]} Nf6 {[%emt 0:00:08]} 2. g3 {[%emt 0:00:21]} g6 {[%emt 0:00:07]} 3. Bg2 {[%emt 0:00:09]} Bg7 {[%emt 0:00:08]} 4. c4 {[%emt 0:00:17]} d6 {[%emt 0:00:04]} 5. Nf3 {[%emt 0:00:09]} c6 {[%emt 0:00:07]} 6. Nc3 {[%emt 0:00:30]} O-O {[%emt 0:00:36]} 7. O-O {[%emt 0:00:16]} Qa5 {[%emt 0:00:17]} 8. e4 {[%emt 0:06:40]} Qh5 {[%emt 0:05:42]} 9. Ng5 {[%emt 0:11:58]} Qxd1 {[%emt 0:05:38]} 10. Rxd1 {[%emt 0:00:12]} Nbd7 {[%emt 0:02:06]} 11. h3 {[%emt 0:02:04]} e5 {[%emt 0:07:29]} 12. Nf3 {[%emt 0:00:55]} Re8 {[%emt 0:01:22]} 13. Be3 {[%emt 0:03:44]} Nf8 {[%emt 0:03:19]} 14. g4 {[%emt 0:04:54]} h6 {[%emt 0:14:49]} 15. a4 {[%emt 0:05:20]} Kh7 {[%emt 0:06:12]} 16. a5 {[%emt 0:01:05]} Ne6 {[%emt 0:03:50]} 17. d5 {[%emt 0:13:10]} cxd5 {[%emt 0:02:53]} 18. cxd5 {[%emt 0:01:26]} Nc7 {[%emt 0:04:20]} 19. Nd2 {[%emt 0:02:34]} Rd8 {[%emt 0:07:04]} 20. b4 {[%emt 0:01:15]} Bd7 {[%emt 0:00:14]} 21. Bf1 {[%emt 0:00:31]} a6 {[%emt 0:09:49]} 22. Nc4 {[%emt 0:01:10]} Nb5 {[%emt 0:00:41]} 23. Nxb5 {[%emt 0:00:25]} Bxb5 {[%emt 0:00:13]} 24. Nb6 {[%emt 0:00:17]} Bxf1 {[%emt 0:01:01]} 25. Kxf1 {[%emt 0:00:17]} Rab8 {[%emt 0:04:08]} 26. f3 {[%emt 0:00:14]} Ne8 {[%emt 0:02:08]} 27. Rdc1 {[%emt 0:00:55]} f5 {[%emt 0:00:10]} 28. gxf5 {[%emt 0:01:45]} gxf5 {[%emt 0:00:11]} 29. Ke2 {[%emt 0:00:52]} Nf6 {[%emt 0:09:55]} 30. Kd3 {[%emt 0:02:02]} fxe4+ {[%emt 0:01:49]} 31. fxe4 {[%emt 0:00:11]} Kh8 {[%emt 0:01:11]} 32. Rc7 {[%emt 0:02:08]} Nh5 {[%emt 0:00:25]} 33. Rg1 {[%emt 0:00:31]} Rf8 {[%emt 0:01:00]} 34. Ke2 {[%emt 0:06:48]} Rf6 {[%emt 0:02:05]} 35. Rd7 {[%emt 0:03:01]} Rbf8 {[%emt 0:01:30]} 36. Nc4 {[%emt 0:02:10]} Rf3 {[%emt 0:01:46]} 37. Nxd6 {[%emt 0:02:25]} Rxh3 {[%emt 0:01:21]} 38. Nf7+ {[%emt 0:00:39]} Kh7 {[%emt 0:00:38]} 39. Rxb7 {[%emt 0:02:28]} Rc8 {[%emt 0:00:46]} 40. Nxe5 {[%emt 0:04:51]} Rc3 {[%emt 0:01:44]} 41. Ng4 {[%emt 0:03:27]} Ng3+ {[%emt 0:01:45]} 42. Rxg3 {[%emt 0:00:58]} Rxg3 {[%emt 0:00:02]} 43. Nf6+ {[%emt 0:01:08]} Kg6 {[%emt 0:00:32]} 44. Rxg7+ {[%emt 0:00:12]} Kxg7 {[%emt 0:00:05]} 45. Nh5+ {[%emt 0:00:08]} Kf7 {[%emt 0:00:45]} 46. Nxg3 {[%emt 0:00:10]} Rb3 {[%emt 0:00:02]} 47. Nf5 {[%emt 0:00:57]} Rxb4 {[%emt 0:00:10]} 48. e5 {[%emt 0:00:40]} Ra4 {[%emt 0:00:19]} 49. e6+ {[%emt 0:00:51]} Kf6 {[%emt 0:00:20]} 50. Bd4+ {[%emt 0:01:06]} Kxf5 {[%emt 0:02:04]} 51. Kd3 {[%emt 0:01:08]} Kg6 {[%emt 0:01:05]} 52. d6 {[%emt 0:00:20]} Rxa5 {[%emt 0:00:11]} 53. d7 {[%emt 0:00:17]} Rd5 {[%emt 0:00:46]} 54. e7 {[%emt 0:00:22]} Rxd7 {[%emt 0:00:06]} 55. e8=Q+ {[%emt 0:00:15]} Rf7 {[%emt 0:00:01]} 56. Qg8+ {[%emt 0:01:31]} 1-0

[Event "Oslo Chess Festival 2017"]
[Site "Oslo"]
[Date "2017.10.02"]
[Round "4"]
[White "Ski, Jonathan K"]
[Black "Vestby-Ellingsen, Mads"]
[Result "1-0"]
[WhiteElo "1848"]
[BlackElo "2262"]
[Annotator "ChessBase"]
[PlyCount "155"]
[EventType "swiss"]
[EventCountry "NOR"]
[SourceTitle "playchess.com"]
[Source "ChessBase"]
[SourceQuality "1"]
[TimeControl "5400+30"]

1. c4 {[%emt 15:50:31]} e5 {[%emt 0:00:13]} 2. Nc3 {[%emt 0:00:09]} Nc6 {[%emt 0:00:04]} 3. Nf3 {[%emt 0:00:25]} Nf6 {[%emt 0:04:36]} 4. g3 {[%emt 0:00:21]} d5 {[%emt 0:00:08]} 5. cxd5 {[%emt 0:00:09]} Nxd5 {[%emt 0:00:05]} 6. Bg2 {[%emt 0:00:24]} Nb6 {[%emt 0:00:38]} 7. O-O {[%emt 0:00:16]} Be7 {[%emt 0:00:08]} 8. a3 {[%emt 0:00:06]} Be6 {[%emt 0:03:39]} 9. d3 {[%emt 0:00:48]} O-O {[%emt 0:06:30]} 10. Be3 {[%emt 0:08:18]} f5 {[%emt 0:12:40]} 11. Rc1 {[%emt 0:01:03]} Bf6 {[%emt 0:03:05]} 12. b4 {[%emt 0:05:18]} Nd4 {[%emt 0:00:27]} 13. Bxd4 {[%emt 0:01:19]} exd4 {[%emt 0:00:13]} 14. Nb1 {[%emt 0:00:18]} a5 {[%emt 0:05:21]} 15. b5 {[%emt 0:06:55]} a4 {[%emt 0:02:09]} 16. Qc2 {[%emt 0:02:13]} Nd5 {[%emt 0:19:45]} 17. Nfd2 {[%emt 0:05:00]} Rf7 {[%emt 0:05:12]} 18. Nc4 {[%emt 0:01:55]} Qd7 {[%emt 0:02:58]} 19. Qb2 {[%emt 0:05:09]} Rb8 {[%emt 0:04:38]} 20. f4 {[%emt 0:20:06]} Re7 {[%emt 0:05:56]} 21. Rc2 {[%emt 0:02:45]} Bf7 {[%emt 0:02:08]} 22. Bf3 {[%emt 0:00:57]} Kh8 {[%emt 0:04:35]} 23. Rfc1 {[%emt 0:02:30]} Nc3 {[%emt 0:08:22]} 24. Nxc3 {[%emt 0:00:14]} dxc3 {[%emt 0:00:05]} 25. Qb4 {[%emt 0:00:34]} Bd5 {[%emt 0:02:31]} 26. Bxd5 {[%emt 0:01:43]} Qxd5 {[%emt 0:00:06]} 27. Ne5 {[%emt 0:00:54]} Rxe5 {[%emt 0:05:04]} 28. fxe5 {[%emt 0:00:08]} Bxe5 {[%emt 0:00:22]} 29. e3 {[%emt 0:03:33]} Qxd3 {[%emt 0:00:45]} 30. Rxc3 {[%emt 0:00:04]} Bxc3 {[%emt 0:00:22]} 31. Qxc3 {[%emt 0:00:16]} Qxb5 {[%emt 0:00:38]} 32. Qxc7 {[%emt 0:00:09]} Re8 {[%emt 0:00:40]} 33. Qc3 {[%emt 0:00:31]} h6 {[%emt 0:01:04]} 34. Kf2 {[%emt 0:00:35]} Qd5 {[%emt 0:00:35]} 35. Qc2 {[%emt 0:01:35]} Rd8 {[%emt 0:01:02]} 36. h4 {[%emt 0:04:12]} Kh7 {[%emt 0:00:47]} 37. h5 {[%emt 0:00:40]} b5 {[%emt 0:00:41]} 38. Rb1 {[%emt 0:00:50]} Kh8 {[%emt 0:00:34]} 39. Qb2 {[%emt 0:00:56]} Qf7 {[%emt 0:00:35]} 40. Qe2 {[%emt 0:01:26]} Rd5 {[%emt 0:00:31]} 41. Rxb5 {[%emt 0:01:11]} Rxb5 {[%emt 0:00:27]} 42. Qxb5 {[%emt 0:00:05]} Qa2+ {[%emt 0:00:19]} 43. Kf3 {[%emt 0:00:08]} Qxa3 {[%emt 0:00:06]} 44. Qe8+ {[%emt 0:00:05]} Kh7 {[%emt 0:00:05]} 45. Qg6+ {[%emt 0:00:16]} Kg8 {[%emt 0:00:07]} 46. Qe8+ {[%emt 0:00:10]} Qf8 {[%emt 0:00:20]} 47. Qxa4 {[%emt 0:00:05]} Qf7 {[%emt 0:00:15]} 48. Qh4 {[%emt 0:00:40]} Qd5+ {[%emt 0:00:39]} 49. Kf2 {[%emt 0:00:12]} Qd2+ {[%emt 0:00:39]} 50. Kf3 {[%emt 0:01:40]} Qd5+ {[%emt 0:01:35]} 51. Kf2 {[%emt 0:00:19]} Kf7 {[%emt 0:00:41]} 52. Qb4 {[%emt 0:00:32]} Qa2+ {[%emt 0:00:44]} 53. Kf3 {[%emt 0:00:06]} Qd5+ {[%emt 0:00:28]} 54. Kf2 {[%emt 0:00:04]} Kg8 {[%emt 0:00:35]} 55. Qb8+ {[%emt 0:00:32]} Kh7 {[%emt 0:00:17]} 56. Qb4 {[%emt 0:00:06]} Qa2+ {[%emt 0:00:43]} 57. Kf3 {[%emt 0:00:07]} Qh2 {[%emt 0:00:17]} 58. Qh4 {[%emt 0:00:16]} Qg1 {[%emt 0:00:35]} 59. Ke2 {[%emt 0:00:32]} Qg2+ {[%emt 0:00:20]} 60. Kd3 {[%emt 0:00:49]} Qf3 {[%emt 0:00:13]} 61. Kd2 {[%emt 0:01:57]} Qf2+ {[%emt 0:00:28]} 62. Kd3 {[%emt 0:00:09]} Qf3 {[%emt 0:01:02]} 63. Kd2 {[%emt 0:00:05]} Qf2+ {[%emt 0:00:07]} 64. Kd3 {[%emt 0:00:04]} Qe1 {[%emt 0:00:25]} 65. Qh3 {[%emt 0:00:58]} Qd1+ {[%emt 0:00:14]} 66. Kc4 {[%emt 0:01:00]} Qc2+ {[%emt 0:00:11]} 67. Kd4 {[%emt 0:00:28]} Qe4+ {[%emt 0:00:09]} 68. Kc5 {[%emt 0:00:22]} Qxe3+ {[%emt 0:00:06]} 69. Kd5 {[%emt 0:00:04]} Qe4+ {[%emt 0:00:14]} 70. Kd6 {[%emt 0:00:08]} Kg8 {[%emt 0:00:48]} 71. Qh2 {[%emt 0:00:14]} Kf7 {[%emt 0:01:56]} 72. Qa2+ {[%emt 0:00:29]} Kf6 {[%emt 0:00:51]} 73. Qb2+ {[%emt 0:00:12]} Kg5 {[%emt 0:00:11]} 74. Qxg7+ {[%emt 0:00:03]} Kxh5 {[%emt 0:00:05]} 75. Qf7+ {[%emt 0:01:06]} Kg4 {[%emt 0:00:08]} 76. Qg6+ {[%emt 0:00:03]} Kf3 {[%emt 0:00:15]} 77. Qxh6 {[%emt 0:00:11]} Kxg3 {[%emt 0:01:50]} 78. Qg7+ {[%emt 0:00:29]} 1-0

[Event "Oslo Chess Festival 2017"]
[Site "Oslo"]
[Date "2017.10.02"]
[Round "4"]
[White "Dahl, Max"]
[Black "Louis, Thibault"]
[Result "0-1"]
[WhiteElo "1670"]
[BlackElo "2207"]
[Annotator "ChessBase"]
[PlyCount "68"]
[EventType "swiss"]
[EventCountry "NOR"]
[SourceTitle "playchess.com"]
[Source "ChessBase"]
[SourceQuality "1"]
[TimeControl "5400+30"]

1. c4 {[%emt 0:00:09]} e5 {[%emt 0:06:33]} 2. Nc3 {[%emt 0:00:49]} Nf6 {[%emt 0:00:25]} 3. g3 {[%emt 0:01:01]} c6 {[%emt 0:00:12]} 4. d4 {[%emt 0:04:50]} exd4 {[%emt 0:01:10]} 5. Qxd4 {[%emt 0:00:21]} d5 {[%emt 0:00:29]} 6. cxd5 {[%emt 0:04:13]} cxd5 {[%emt 0:00:18]} 7. Bg2 {[%emt 0:02:27]} Nc6 {[%emt 0:00:16]} 8. Qd1 {[%emt 0:01:38]} d4 {[%emt 0:10:28]} 9. Ne4 {[%emt 0:11:54]} Be7 {[%emt 0:00:26]} 10. Nxf6+ {[%emt 0:04:48]} Bxf6 {[%emt 0:00:09]} 11. Nf3 {[%emt 0:01:49]} O-O {[%emt 0:00:13]} 12. O-O {[%emt 0:00:51]} Re8 {[%emt 0:03:34]} 13. Re1 {[%emt 0:05:02]} Qb6 {[%emt 0:01:24]} 14. Nd2 {[%emt 0:12:31]} Bf5 {[%emt 0:00:41]} 15. a3 {[%emt 0:06:34]} Rad8 {[%emt 0:11:58]} 16. Qb3 {[%emt 0:06:10]} d3 {[%emt 0:00:32]} 17. Qxb6 {[%emt 0:03:51]} axb6 {[%emt 0:02:00]} 18. e3 {[%emt 0:02:45]} Nd4 {[%emt 0:03:18]} 19. Rb1 {[%emt 0:09:16]} Ne2+ {[%emt 0:02:11]} 20. Kf1 {[%emt 0:02:08]} Rc8 {[%emt 0:00:12]} 21. e4 {[%emt 0:05:13]} Bd7 {[%emt 0:02:44]} 22. f4 {[%emt 0:02:54]} Bd4 {[%emt 0:04:46]} 23. Nb3 {[%emt 0:02:32]} Bg1 {[%emt 0:06:04]} 24. Bf3 {[%emt 0:05:19]} Bh3+ {[%emt 0:00:10]} 25. Bg2 {[%emt 0:00:08]} Be6 {[%emt 0:03:01]} 26. Nd2 {[%emt 0:00:54]} Bxh2 {[%emt 0:00:27]} 27. f5 {[%emt 0:01:10]} Bd7 {[%emt 0:00:19]} 28. g4 {[%emt 0:01:26]} Bb5 {[%emt 0:08:34]} 29. b3 {[%emt 0:01:11]} Bf4 {[%emt 0:03:34]} 30. a4 {[%emt 0:01:04]} Ba6 {[%emt 0:03:53]} 31. b4 {[%emt 0:00:26]} Nxc1 {[%emt 0:00:07]} 32. Rexc1 {[%emt 0:00:38]} Rxc1+ {[%emt 0:00:09]} 33. Rxc1 {[%emt 0:00:18]} Bxd2 {[%emt 0:00:02]} 34. Rb1 {[%emt 0:00:45]} Bxb4 {[%emt 0:00:18]} 0-1